000 nam a22 7a 4500
999 _c7985
_d7985
008 171120b xxu||||| |||| 00| 0 eng d
100 _94440
_aNCERT
245 _aSCIENCE EXEMPLAR PROBLEMS-VI
260 _aNEW DELHI
_bNCERT
_c2017